Представление документа в формате RUSMARC

ПолеНазваниеЗначение
  Тип записи a
  Библиографический уровень m
001 Контрольный номер Book/14545
005 Дата корректировки 20240209174417.3
010 Индекс ISBN __
a ISBN 978-5-353-03934-1
b Уточнения в пер.
d Цена 168 р 00 к..
9 Тираж 5 000 экз.
090 Данные записи __
a Состояние записи 63.3(0)
b Тип записи Книги
c Язык записи Русский
d Отрасль знаний (КСУ) Другая
e Секретность Несекретно
g Вид записи Монография (однотомник)
x Дата передачи записи для обработки Б67
100 Данные общей обработки __
a Данные общей обработки 20120118d2013 u u 1rusy ||||ca
101 Язык документа 0_
a Язык текста rus
105 Кодированные данные (монография) __
a Кодированные данные (монография) a z 000yy
200 Заглавие и сведения об ответственности 1_
a Заглавие Вампиры. Граф Дракула и другие кровопийцы
g Последующие сведения об ответственности пер. с итал. А. Васильевой
210 Выходные данные 1_
a Место издания Москва
c Издательство Росмэн-пресс
d Дата издания 2009
215 Физическое описание __
a Объем 117, [2] с.
c Иллюстрации/тип воспроизводства ил.
d Формат 22 см.
225 Серия 1_
a Серия Таинственный мир
300 Общие примечания __
a Общие примечания Ограничения по возрасту - 18+
606 Тематические рубрики 0_
a Основная рубрика Всемирная история - Вампиры
610 Ключевые слова 0_
a Ключевые слова вампиры
a Ключевые слова граф Дракула
a Ключевые слова кровопийцы
a Ключевые слова мистика
686 Индексы других классификаций __
a Классификационный индекс 63.3(0)
2 Код системы rubbk
700 Автор _1
a Фамилия Бишелья
b Имя (инициалы) Алессандра
g Полное личное имя А.
801 Источник записи _0
a Страна RU
b Организация МБУК ЦБС г. Ульяновска
c Дата составления 20120118
801 Источник записи _1
a Страна RU
b Организация МБУК ЦБС г. Ульяновска
c Дата составления 20120118
899 Данные о местонахождении __
3 Книга № 32587
a Местонахождение 28 ф
i Авторский знак Б 67
j Расстановочный фильтр 63.3(0)
d Название фонда Инв.книга №1
q Состояние Свободно
x Инвентарный номер 150919
901 Тип документа __
t Тип документа m
910 Корректоры записи __
a Корректор записи Зотова